Boundary value problems of mathematical physics / (Record no. 67394)
[ view plain ]
| 000 -LEADER | |
|---|---|
| fixed length control field | 00923nam a2200277 a 4500 |
| 001 - CONTROL NUMBER | |
| control field | 67394 |
| 003 - CONTROL NUMBER IDENTIFIER | |
| rucl marc code | BD-RjUL |
| 005 - DATE AND TIME OF LATEST TRANSACTION | |
| control field | 20211209081639.0 |
| 008 - FIXED-LENGTH DATA ELEMENTS--GENERAL INFORMATION | |
| fixed length control field | 170325s20001967paua b 001 0 eng d |
| 035 ## - SYSTEM CONTROL NUMBER | |
| System control number | (BD-RjUL) 67525 |
| 040 ## - CATALOGING SOURCE | |
| Original cataloging agency | DLC |
| Transcribing agency | DLC |
| Modifying agency | BD-RjUL |
| Language of cataloging | eng |
| 041 ## - LANGUAGE CODE | |
| Language code of text/sound track or separate title | eng |
| 082 00 - DEWEY DECIMAL CLASSIFICATION NUMBER | |
| Classification number | 530.15 |
| Edition number | 23 |
| Author mark and year | STB 1967 |
| 100 1# - MAIN ENTRY--PERSONAL NAME | |
| Personal name | Stakgold, Ivar. |
| 9 (RLIN) | 199670 |
| 245 10 - TITLE STATEMENT | |
| Title | Boundary value problems of mathematical physics / |
| Statement of responsibility, etc. | Ivar Stakgold. |
| 260 ## - PUBLICATION, DISTRIBUTION, ETC. (IMPRINT) | |
| Place of publication, distribution, etc. | New York : |
| Name of publisher, distributor, etc. | MacMillan, |
| Date of publication, distribution, etc. | c1967. |
| 300 ## - PHYSICAL DESCRIPTION | |
| Pagination | V. p. : |
| Illustrations | ill. ; |
| Size | 23 cm. |
| 504 ## - BIBLIOGRAPHY, ETC. NOTE | |
| Bibliography, etc | Includes bibliographical references and indexes. |
| 505 0# - FORMATTED CONTENTS NOTE | |
| Formatted contents note | Vol.1-- |
| 650 #0 - SUBJECT ADDED ENTRY--TOPICAL TERM | |
| Topical term or geographic name as entry element | Mathematical Physics |
| 9 (RLIN) | 199672 |
| Topical term or geographic name as entry element | Mathematical physics. |
| 9 (RLIN) | 199673 |
| 856 ## - ELECTRONIC LOCATION AND ACCESS | |
| Materials specified | Macmillan Series in Advanced Mathematics And Theoretical Physics |
| 942 ## - ADDED ENTRY ELEMENTS (KOHA) | |
| Source of classification or shelving scheme | Dewey Decimal Classification |
| Koha item type | Books |
| Lost status | Source of classification or shelving scheme | Damaged status | Not for loan | Collection code | Permanent Location | Current Location | Shelving location | Date acquired | Source of acquisition | Cost, normal purchase price | Total Checkouts | Full call number | Date last seen | Copy number | Koha item type |
|---|---|---|---|---|---|---|---|---|---|---|---|---|---|---|---|
| Dewey Decimal Classification | Not For Loan | Non-fiction | Central Library, University of Rajshahi | Central Library, University of Rajshahi | Reading Room | 07/03/1972 | Sweets & Zeitlinger | 122.00 | 530.15 STB V-1 1967 | 25/03/2017 | C-1 | Books |